LEADER 01070nam0 22002651i 450 001 UON00192010 005 20231205103218.860 010 $a88-14-04934-3 100 $a20030730d1995 |0itac50 ba 101 $aita 102 $aIT 105 $a|||| ||||| 200 1 $aˆIl ‰ Fondamento morale della democrazia$fJohn H. Hallowell$ga cura di Marina Sallusti$gpresentazione di Giuseppe Brutta 210 $aMilano$cGiuffrè$d1995. XXIV$d154 p. ; 18 cm. 410 1$1001UON00171615$12001 $aCiviltà del diritto $v57 606 $aDemocrazie occidentali$xStudi$3UONC038061$2FI 620 $aIT$dMilano$3UONL000005 700 1$aHALLOWELL$bJohn H.$3UONV113227$0235574 712 $aGiuffrè$3UONV257275$4650 801 $aIT$bSOL$c20250711$gRICA 899 $aSIBA - SISTEMA BIBLIOTECARIO DI ATENEO$2UONSI 912 $aUON00192010 950 $aSIBA - SISTEMA BIBLIOTECARIO DI ATENEO$dSI COL C $eSI SC 28365 5 996 $aFondamento morale della democrazia$9896152 997 $aUNIOR